| 000 | 00611nam a22002057a 4500 | ||
|---|---|---|---|
| 001 | BD-DhSAU 945 | ||
| 003 | BD-DhSAU | ||
| 005 | 20150108010555.0 | ||
| 008 | 150108b1977 ii a||||r|||| 001 0 eng d | ||
| 040 | _aBD-DhSAU | ||
| 082 |
_222 _a333.335 _bSNA |
||
| 100 |
_aSnodgrass, Milton M. _q(Moore) |
||
| 245 |
_aAgriculture, economics, and resource management / _cMilton M. Snodgrass, L. T. Wallace. |
||
| 260 |
_aNew Delhi : _bPrantik Hall ; _cc1977. |
||
| 300 |
_axi, 521 p. : _bill. ; _c24 cm. |
||
| 590 | _ajoy | ||
| 650 | _aEconomics. | ||
| 650 | _aManagement. | ||
| 700 |
_aWallace, Luther T. _ejoint author. |
||
| 942 |
_2ddc _cBOOK |
||
| 999 |
_c945 _d945 |
||